[Event "National Championship 2014"]
[Site "Kingston"]
[Date "2014.05.07"]
[Round "8.4"]
[White "Wilson, Brandon"]
[Black "Porter, Russel"]
[Result "0-1"]
[WhiteElo "2098"]
[BlackElo "2123"]
[PlyCount "122"]
[EventDate "2014.04.25"]
[EventRounds "11"]
[EventCountry "JAM"]

1. e4 c5 2. Nc3 g6 3. f4 Bg7 4. Nf3 Nc6 5. Bb5 Nd4 6. O-O a6 7. Bd3 e6 8. e5 f5
9. b3 Ne7 10. Ba3 d6 11. exd6 Qxd6 12. Nxd4 Bxd4+ 13. Kh1 b5 14. Bb2 Bb7 15.
Qe2 Kf7 16. Rae1 Rhe8 17. Nd1 Nd5 18. Bxd4 cxd4 19. Qf3 Re7 20. Rf2 Rh8 21. a4
bxa4 22. bxa4 Qa3 23. Qe2 Qd6 24. Qe5 Qxe5 25. Rxe5 Rc8 26. Nb2 Rec7 27. Kg1
Nb4 28. Rfe2 Bd5 29. Re1 Rxc2 30. Bxc2 Rxc2 31. Rxd5 Nxd5 32. Nd3 Rxd2 33. Ne5+
Ke7 34. g3 Ne3 35. Rb1 Rd1+ 36. Rxd1 Nxd1 37. Nc6+ Kd6 38. Nxd4 Nc3 39. a5 Ne4
40. Kg2 Kd5 41. Nc2 Kc5 42. h3 Nd2 43. Ne1 Kb5 44. Nc2 Kxa5 45. Nd4 Kb4 46.
Nxe6 a5 47. Nd4 Kc5 48. Ne6+ Kb4 49. Nd4 Nb3 50. Nc2+ Kc3 51. Na3 Nd4 52. g4 a4
53. Kg3 Kd3 54. gxf5 gxf5 55. Kh4 Ke4 56. Kg5 Nf3+ 57. Kf6 Kxf4 58. Nc4 Nh4 59.
Ke6 Kg3 60. Ke5 f4 61. Kd4 f3 0-1

[Event "National Championship 2014"]
[Site "Kingston"]
[Date "2014.05.07"]
[Round "8.5"]
[White "Smith, Shreyas"]
[Black "Lorne, Malaku"]
[Result "1-0"]
[WhiteElo "1944"]
[BlackElo "2073"]
[PlyCount "45"]
[EventDate "2014.04.25"]
[EventRounds "11"]
[EventCountry "JAM"]

1. e4 e6 2. d4 d5 3. Nd2 Nf6 4. e5 Nfd7 5. Bd3 c5 6. c3 Nc6 7. Ngf3 Qb6 8. O-O
cxd4 9. cxd4 Nxd4 10. Nxd4 Qxd4 11. Nf3 Qb6 12. Qa4 Qb4 13. Qc2 h6 14. a3 Qb6
15. Qa4 Be7 16. Be3 Qd8 17. Rac1 Kf8 18. Rc2 Nb8 19. Bb6 Qd7 20. Bb5 Nc6 21.
Nd4 Qe8 22. Nxc6 Bd7 23. Nxa7 1-0

[Event "National Championship 2014"]
[Site "Kingston"]
[Date "2014.05.07"]
[Round "8.6"]
[White "Wisdom, Daren"]
[Black "Davy, Damion"]
[Result "1/2-1/2"]
[WhiteElo "1974"]
[BlackElo "2173"]
[PlyCount "31"]
[EventDate "2014.04.25"]
[EventRounds "11"]
[EventCountry "JAM"]

1. e4 c5 2. Nf3 e6 3. d4 cxd4 4. Nxd4 Nc6 5. Nc3 Qc7 6. Be3 a6 7. Be2 Nf6 8.
O-O Bb4 9. f3 d5 10. exd5 exd5 11. Nxc6 bxc6 12. Qd4 Bd6 13. Qh4 Be7 14. Qd4
Bd6 15. Qh4 Be7 16. Qd4 1/2-1/2

[Event "National Championship 2014"]
[Site "Kingston"]
[Date "2014.05.09"]
[Round "9.1"]
[White "Davy, Damion"]
[Black "Richards, Deborah"]
[Result "1-0"]
[WhiteElo "2173"]
[BlackElo "2031"]
[PlyCount "59"]
[EventDate "2014.04.25"]
[EventRounds "11"]
[EventCountry "JAM"]

1. e4 c5 2. Nf3 d6 3. d4 cxd4 4. Nxd4 Nc6 5. Nc3 e6 6. Be3 Nf6 7. Be2 Be7 8.
O-O O-O 9. Kh1 Qc7 10. f4 a6 11. Nb3 b5 12. a3 Bb7 13. Bf3 Rfd8 14. Qe2 Nd7 15.
f5 Nde5 16. Bg4 Nxg4 17. Qxg4 Ne5 18. Qg3 exf5 19. Rxf5 Re8 20. Bd4 Bf8 21.
Raf1 Re7 22. Nc1 g6 23. Bxe5 dxe5 24. Nd3 Bg7 25. R5f2 Qc4 26. Nb4 Bxe4 27. b3
Qd4 28. Rd1 Bxg2+ 29. Qxg2 Qa7 30. Nc6 1-0

[Event "National Championship 2014"]
[Site "Kingston"]
[Date "2014.05.09"]
[Round "9.2"]
[White "Lorne, Malaku"]
[Black "Wisdom, Daren"]
[Result "1-0"]
[WhiteElo "2073"]
[BlackElo "1974"]
[PlyCount "81"]
[EventDate "2014.04.25"]
[EventRounds "11"]
[EventCountry "JAM"]

1. d4 d5 2. Nf3 Nf6 3. c4 e6 4. Nc3 Be7 5. e3 b6 6. cxd5 exd5 7. Bd3 O-O 8. Ne5
Bb7 9. Qf3 Bb4 10. O-O Bxc3 11. bxc3 Nbd7 12. Qh3 Nxe5 13. dxe5 Ne4 14. f3 Bc8
15. g4 Ng5 16. Qg3 Ne6 17. Ba3 Re8 18. Rad1 Nc5 19. Bxc5 bxc5 20. Bb5 Re6 21.
Bc4 c6 22. e4 Bb7 23. exd5 cxd5 24. Bxd5 Bxd5 25. c4 Qc7 26. cxd5 Ree8 27. f4
Red8 28. d6 Qa5 29. Qg2 c4 30. Rf2 g5 31. Qe4 gxf4 32. Qxf4 Qb6 33. Qxf7+ Kh8
34. Qf6+ Kg8 35. d7 Qe3 36. Qf4 Qc5 37. Qd4 Qe7 38. Qd5+ Kg7 39. e6 Rf8 40.
Rxf8 Rxf8 41. d8=Q 1-0

[Event "National Championship 2014"]
[Site "Kingston"]
[Date "2014.05.09"]
[Round "9.3"]
[White "Porter, Russel"]
[Black "Smith, Shreyas"]
[Result "1-0"]
[WhiteElo "2123"]
[BlackElo "1944"]
[PlyCount "120"]
[EventDate "2014.04.25"]
[EventRounds "11"]
[EventCountry "JAM"]

1. c4 g6 2. g3 Bg7 3. Bg2 c5 4. Nc3 Nc6 5. d3 e5 6. e3 Nge7 7. Nge2 O-O 8. O-O
d6 9. Rb1 Be6 10. Nd5 Rb8 11. Nec3 a6 12. b3 b5 13. Bb2 Qd7 14. Qd2 b4 15.
Nxe7+ Nxe7 16. Ne4 h6 17. f4 f5 18. Nf2 d5 19. cxd5 Bxd5 20. e4 Bc6 21. fxe5
Qe6 22. Rbe1 Rfd8 23. Qc2 Rb5 24. exf5 gxf5 25. Nh3 Bxg2 26. Qxg2 Qd5 27. Nf4
Qxg2+ 28. Kxg2 Ra5 29. Ra1 Nc6 30. Rf2 Nxe5 31. Ne6 Nxd3 32. Bxg7 Rd6 33. Re2
Kf7 34. Bxh6 Rxe6 35. Rxe6 Kxe6 36. Bg7 Kd5 37. h4 f4 38. h5 Ke6 39. g4 Kf7 40.
Bh8 Kg8 41. Bf6 Kf7 42. g5 c4 43. bxc4 Ne5 44. Bxe5 Rxe5 45. g6+ Kg7 46. Rh1
Kh6 47. Kf3 Re3+ 48. Kxf4 Rc3 49. Rg1 Rxc4+ 50. Ke3 Rc7 51. g7 Rxg7 52. Rxg7
Kxg7 53. Kd3 Kh6 54. Kc4 Kxh5 55. Kxb4 Kg6 56. Ka5 Kf6 57. Kxa6 Ke6 58. a4 Kd6
59. Kb6 Kd7 60. Kb7 Kd6 1-0

[Event "National Championship 2014"]
[Site "Kingston"]
[Date "2014.05.09"]
[Round "9.4"]
[White "Asher, Miguel"]
[Black "Wilson, Brandon"]
[Result "0-1"]
[WhiteElo "1888"]
[BlackElo "2098"]
[PlyCount "70"]
[EventDate "2014.04.25"]
[EventRounds "11"]
[EventCountry "JAM"]

1. e4 e5 2. Nf3 Nc6 3. Bb5 g6 4. O-O Bg7 5. Bxc6 bxc6 6. Re1 c5 7. d3 Ne7 8.
Be3 d6 9. Qd2 Bg4 10. Bh6 O-O 11. Bxg7 Kxg7 12. Qe2 h6 13. Nbd2 Rb8 14. b3 Qd7
15. Nc4 f6 16. Ne3 Bh5 17. h3 f5 18. g4 fxg4 19. Nxe5 dxe5 20. hxg4 Rf4 21.
gxh5 Qh3 22. Qf1 Qxh5 23. Qg2 Rbf8 24. Rf1 Rh4 25. f3 g5 26. Qg3 Ng6 27. Nf5+
Rxf5 28. exf5 Nf4 29. Rfe1 Kf6 30. Rac1 Rh3 31. Qg4 Rh1+ 32. Kf2 Qh2+ 33. Ke3
Nd5+ 34. Ke4 Qf2 35. Qg2 Nc3# 0-1

[Event "National Championship 2014"]
[Site "Kingston"]
[Date "2014.05.09"]
[Round "9.5"]
[White "Mellace, Andrew"]
[Black "Brooks, Paul"]
[Result "1-0"]
[WhiteElo "2076"]
[BlackElo "1959"]
[PlyCount "109"]
[EventDate "2014.04.25"]
[EventRounds "11"]
[EventCountry "JAM"]

1. e4 e5 2. f4 d5 3. exd5 Qxd5 4. Nc3 Qe6 5. fxe5 Qxe5+ 6. Be2 Bg4 7. d4 Qe6 8.
Bf4 Bb4 9. Qd3 Bxe2 10. Ngxe2 Bxc3+ 11. Qxc3 Nf6 12. Qa3 Nc6 13. O-O O-O-O 14.
Rae1 Rhe8 15. c3 Qc4 16. Nc1 Nd5 17. Bd2 Nf6 18. Bg5 h6 19. Bxf6 gxf6 20. Qb3
Na5 21. Qc2 Rxe1 22. Rxe1 Qd5 23. b3 Nc6 24. Qe4 Qg5 25. Qe3 Qg6 26. Nd3 Rg8
27. Qh3+ Kb8 28. Re2 b6 29. Qf3 Nd8 30. Nb4 Qb1+ 31. Kf2 a5 32. Na6+ Kc8 33.
Qa8+ Kd7 34. Nb8+ Kd6 35. Qf3 Ne6 36. Qc6+ Ke7 37. Qxc7+ Kf8 38. Nd7+ Kg7 39.
Qg3+ Kh8 40. Qf3 f5 41. Ne5 Ng5 42. Qh5 Kg7 43. g3 Re8 44. h4 Nh3+ 45. Ke3 f4+
46. Kf3 Ng1+ 47. Kg2 f3+ 48. Kh2 Re7 49. Qg4+ Kh7 50. Rf2 Qe1 51. Qf5+ Kg7 52.
Qc2 Ne2 53. Rxf3 h5 54. Rxf7+ Rxf7 55. Qg6+ 1-0

[Event "National Championship 2014"]
[Site "Kingston"]
[Date "2014.05.10"]
[Round "10.3"]
[White "Wilson, Brandon"]
[Black "Mellace, Andrew"]
[Result "0-1"]
[WhiteElo "2098"]
[BlackElo "2076"]
[PlyCount "114"]
[EventDate "2014.04.25"]
[EventRounds "11"]
[EventCountry "JAM"]

1. e4 c5 2. Nc3 Nc6 3. g3 g6 4. Bg2 Bg7 5. d3 d6 6. Be3 Nf6 7. Nge2 Ng4 8. Bd2
Nd4 9. Qc1 h5 10. O-O h4 11. h3 Nf6 12. g4 Nxg4 13. Nxd4 cxd4 14. Ne2 Ne5 15.
f4 Nc6 16. c4 dxc3 17. bxc3 Bd7 18. Rb1 b6 19. Kh2 Qc7 20. Qe1 Rc8 21. Qf2 e6
22. Rbe1 Kf8 23. Kh1 Kg8 24. Rg1 Rh7 25. Bf3 Qb7 26. d4 Ne7 27. Rg2 Bc6 28. Ng1
d5 29. e5 Nf5 30. Ne2 Qa6 31. Bg4 Qxa2 32. Nc1 Qc2 33. Bd1 Ng3+ 34. Kh2 Qb1 35.
Ne2 Ne4 36. Qe3 Qa2 37. Nc1 Qa3 38. Reg1 Ba4 39. Bxa4 Qxa4 40. Be1 Qa3 41. Ne2
Qe7 42. f5 exf5 43. Nf4 Rd8 44. e6 g5 45. exf7+ Kxf7 46. Ne2 Re8 47. Qf3 f4 48.
Rg4 Bf6 49. Nc1 Qe6 50. Nd3 Ng3 51. Bf2 Qe4 52. Qd1 Qe2 53. Qb1 Ne4 54. Qb5
Nxf2 55. Ne5+ Rxe5 56. Qd7+ Re7 57. Qxd5+ Qe6 0-1

[Event "National Championship 2014"]
[Site "Kingston"]
[Date "2014.05.10"]
[Round "10.4"]
[White "Smith, Shreyas"]
[Black "Asher, Miguel"]
[Result "1-0"]
[WhiteElo "1944"]
[BlackElo "1888"]
[PlyCount "77"]
[EventDate "2014.04.25"]
[EventRounds "11"]
[EventCountry "JAM"]

1. e4 c5 2. Nf3 a6 3. Nc3 d6 4. d4 cxd4 5. Nxd4 Nf6 6. Be3 e5 7. Nf3 Be7 8. Bc4
b5 9. Bd5 Nxd5 10. Qxd5 Nc6 11. Qxc6+ Bd7 12. Qb6 Qxb6 13. Bxb6 Rb8 14. Nd5 Bc6
15. Be3 Bxd5 16. exd5 Rc8 17. c3 f5 18. a4 f4 19. Bb6 Rb8 20. a5 Kd7 21. Nd2
Rbc8 22. f3 Bh4+ 23. Ke2 h6 24. g3 fxg3 25. hxg3 Bxg3 26. Rhg1 Bh4 27. Rxg7+
Ke8 28. Ne4 Be7 29. Rag1 Kf8 30. R7g6 b4 31. Be3 h5 32. Bh6+ Kf7 33. Rg7+ Ke8
34. R1g6 bxc3 35. bxc3 Rb8 36. Re6 Kd8 37. Rgxe7 Rb2+ 38. Kd3 Rxh6 39. Re8+ 1-0

[Event "National Championship 2014"]
[Site "Kingston"]
[Date "2014.05.10"]
[Round "10.5"]
[White "Wisdom, Daren"]
[Black "Porter, Russel"]
[Result "1/2-1/2"]
[WhiteElo "1974"]
[BlackElo "2123"]
[PlyCount "48"]
[EventDate "2014.04.25"]
[EventRounds "11"]
[EventCountry "JAM"]

1. d4 Nf6 2. Nf3 g6 3. e3 Bg7 4. Bd3 d6 5. b3 Nbd7 6. Bb2 O-O 7. Nbd2 e5 8.
dxe5 Ng4 9. h4 Ngxe5 10. Nxe5 Nxe5 11. Be2 Nf3+ 12. gxf3 Bxb2 13. Rb1 Bc3 14.
h5 d5 15. Bd3 Qf6 16. Ke2 Bf5 17. Qg1 Rfe8 18. Qh2 Re7 19. Nf1 Rae8 20. Rd1 Be5
21. Qg2 Bxd3+ 22. cxd3 c6 23. Nh2 Bxh2 24. Rxh2 Qb2+ 1/2-1/2

[Event "National Championship 2014"]
[Site "Kingston"]
[Date "2014.05.10"]
[Round "10.6"]
[White "Davy, Damion"]
[Black "Lorne, Malaku"]
[Result "1/2-1/2"]
[WhiteElo "2173"]
[BlackElo "2073"]
[PlyCount "97"]
[EventDate "2014.04.25"]
[EventRounds "11"]
[EventCountry "JAM"]

1. e4 d5 2. exd5 Nf6 3. Nf3 Qxd5 4. Nc3 Qd6 5. d4 a6 6. g3 b5 7. Bg2 Bb7 8. O-O
e6 9. Bf4 Qb6 10. a4 Bd6 11. a5 Qa7 12. Be5 Nbd7 13. Qd2 O-O 14. Rfe1 Rac8 15.
Qf4 Qb8 16. g4 Nd5 17. Nxd5 Bxd5 18. Qe3 c5 19. Bxd6 Qxd6 20. c3 Rfd8 21. dxc5
Rxc5 22. Rad1 Rc4 23. h3 Rcc8 24. Ng5 Nf6 25. Ne4 Nxe4 26. Bxe4 Qc5 27. Rd4 g6
28. Red1 Qc7 29. Bxd5 Rxd5 30. Rxd5 exd5 31. Rxd5 Qxa5 32. Qd2 Qc7 33. Qd4 Re8
34. h4 Qe7 35. h5 Qe4 36. Rd8 Qe1+ 37. Kg2 Rxd8 38. Qxd8+ Kg7 39. Qd4+ f6 40.
g5 Qe5 41. gxf6+ Kxf6 42. hxg6 hxg6 43. f4 Qxd4 44. cxd4 Ke6 45. Kf3 Kd5 46.
Ke3 a5 47. Kd3 Kd6 48. Kc3 Kd5 49. Kd3 1/2-1/2

[Event "National Championship 2014"]
[Site "Kingston"]
[Date "2014.05.11"]
[Round "11.1"]
[White "Lorne, Malaku"]
[Black "Richards, Deborah"]
[Result "1-0"]
[WhiteElo "2073"]
[BlackElo "2031"]
[PlyCount "61"]
[EventDate "2014.04.25"]
[EventRounds "11"]
[EventCountry "JAM"]

1. d4 d5 2. c4 e6 3. Nf3 Bd6 4. Nc3 c6 5. e4 dxc4 6. Bxc4 Nd7 7. O-O Be7 8. Bf4
Ngf6 9. a4 O-O 10. Qb3 Nh5 11. Be3 Nhf6 12. Rfe1 Qc7 13. Rad1 h6 14. h3 a6 15.
Qc2 b5 16. Ba2 e5 17. dxe5 Nxe5 18. Nxe5 Qxe5 19. f4 Qh5 20. Bb1 g6 21. Qf2 b4
22. Ne2 Qa5 23. Nd4 Qc7 24. Rc1 c5 25. Nf3 c4 26. Ne5 Be6 27. Bb6 Qb7 28. Nxc4
Rac8 29. Nd2 Nd7 30. Bd4 Nc5 31. Bxc5 1-0

[Event "National Championship 2014"]
[Site "Kingston"]
[Date "2014.05.11"]
[Round "11.2"]
[White "Porter, Russel"]
[Black "Davy, Damion"]
[Result "0-1"]
[WhiteElo "2123"]
[BlackElo "2173"]
[PlyCount "90"]
[EventDate "2014.04.25"]
[EventRounds "11"]
[EventCountry "JAM"]

1. c4 e5 2. Nc3 Nf6 3. Nf3 Nc6 4. g3 Nd4 5. Bg2 Nxf3+ 6. Bxf3 Bc5 7. d3 d6 8.
a3 a5 9. Bg5 h6 10. Bxf6 Qxf6 11. Ne4 Qe7 12. Nxc5 dxc5 13. Qc2 O-O 14. Bg2 f5
15. e3 f4 16. Qe2 Qf6 17. Bd5+ Kh8 18. O-O-O c6 19. Be4 fxe3 20. fxe3 Bh3 21.
Rd2 Qg5 22. Bg2 Bxg2 23. Qxg2 Qxe3 24. Kc2 Rad8 25. Rhd1 Qd4 26. Re1 Rfe8 27.
Re4 Qd6 28. Qe2 b5 29. Qe3 Re6 30. Re2 a4 31. Rd2 b4 32. Kd1 Rb8 33. Ke2 bxa3
34. bxa3 Rb3 35. Kf2 Rxa3 36. Kg2 Rb3 37. Qe2 a3 38. Re3 Qb8 39. Rf3 Rb2 40.
Rf2 Rf6 41. Rxf6 gxf6 42. Kh3 Qc8+ 43. Kg2 Qb7 44. Kh3 Qd7+ 45. Kg2 Qd4 0-1

[Event "National Championship 2014"]
[Site "Kingston"]
[Date "2014.05.11"]
[Round "11.3"]
[White "Asher, Miguel"]
[Black "Wisdom, Daren"]
[Result "0-1"]
[WhiteElo "1888"]
[BlackElo "1974"]
[PlyCount "104"]
[EventDate "2014.04.25"]
[EventRounds "11"]
[EventCountry "JAM"]

1. e4 e5 2. Nf3 Nc6 3. Bc4 f5 4. d4 fxe4 5. Nxe5 d5 6. Bb5 Qf6 7. Nc3 Bb4 8.
Bd2 Bxc3 9. Bxc3 Nge7 10. Qd2 O-O 11. Ba4 Nxe5 12. dxe5 Qa6 13. Bb3 Be6 14. Bb4
Rae8 15. Bxe7 e3 16. Qxe3 Rxe7 17. O-O-O c6 18. Rd4 c5 19. Ra4 Qb6 20. c3 c4
21. Qxb6 axb6 22. Bc2 Rxf2 23. Ra8+ Kf7 24. Bxh7 g6 25. Bg8+ Kg7 26. Bxe6 Rxe6
27. Re1 Rxg2 28. Rd8 Rxh2 29. Rxd5 g5 30. Rg1 Rh5 31. Rd7+ Kg6 32. Rxb7 Rh2 33.
Rb8 Rxe5 34. Rxb6+ Kf5 35. a4 Kf4 36. Rf6+ Ke3 37. Re1+ Re2 38. Rff1 g4 39. Kd1
Rd5+ 40. Kc1 g3 41. Rxe2+ Kxe2 42. Rg1 Kf2 43. Rxg3 Kxg3 44. Kc2 Rh5 45. Kb1
Ra5 46. b3 cxb3 47. Kb2 Rxa4 48. Kxb3 Re4 49. c4 Kf4 50. Kb4 Ke5 51. Kc5 Ke6
52. Kb5 Kd6 0-1

[Event "National Championship 2014"]
[Site "Kingston"]
[Date "2014.05.11"]
[Round "11.4"]
[White "Mellace, Andrew"]
[Black "Smith, Shreyas"]
[Result "1-0"]
[WhiteElo "2076"]
[BlackElo "1944"]
[PlyCount "111"]
[EventDate "2014.04.25"]
[EventRounds "11"]
[EventCountry "JAM"]

1. c4 c5 2. Nc3 Nc6 3. g3 g6 4. Bg2 Bg7 5. e3 e5 6. Nge2 Nge7 7. d3 d6 8. O-O
O-O 9. Rb1 Be6 10. Nd5 Rb8 11. Nec3 a6 12. b3 b5 13. Bb2 Qd7 14. Re1 b4 15.
Nxe7+ Nxe7 16. Nd5 Nc6 17. Qd2 Rb7 18. f4 a5 19. Rf1 f5 20. Rfe1 Ra8 21. d4
cxd4 22. exd4 e4 23. Ne3 d5 24. Red1 Ne7 25. a4 dxc4 26. bxc4 Qxa4 27. d5 Bxb2
28. Qxb2 Bd7 29. c5 Rbb8 30. Bf1 Qa3 31. Qxa3 bxa3 32. c6 Nxc6 33. dxc6 Bxc6
34. Ra1 Kg7 35. Rxa3 a4 36. Rc1 Be8 37. Rc7+ Kf8 38. Rxh7 Rb3 39. Rxb3 axb3 40.
Rb7 Bf7 41. Nc4 Ra1 42. Ne5 e3 43. Rxf7+ Kg8 44. Kg2 b2 45. Rb7 b1=Q 46. Bc4+
Kf8 47. Nxg6+ Ke8 48. Rxb1 Rxb1 49. Nh4 Rb2+ 50. Kf3 Rxh2 51. Nxf5 Kf8 52. Kxe3
Rc2 53. Bd3 Rc6 54. g4 Kf7 55. g5 Re6+ 56. Be4 1-0